000 01081nam a2200265 a 4500
001 BRCA_3399
005 20190320204249.0
041 _aeng
044 _aenk
084 _a688
_b.N45
_c1911
100 1 _aCervantes Saavedra, Miguel de
_d1547-1616
_9213
245 1 0 _aThe Adventures of Don Quixote Retold for the Children
_cMiguel de Cervantes Saavedra.
260 _aLondres : Edinburgo : Dublin : Nueva York
_bThomas Nelson and Sons
_c1911
300 _a1 v. en 2 partes (64 p.)
_bil.
_c27 cm.
_e8 láminas a color
500 _aTraducción anónima muy abreviada para los niños. Con ilustraciones muy bien impresas. Tela; cubierta adornada con asuntos quijotescos Lúdovik Osterc
500 _aQM1161
546 _aTexto en : inglés
650 1 4 _aNovela española
_yÉpoca clásica, 1500-1700
_9215
650 1 4 _aLiteratura española
_yÉpoca clásica, 1500-1700
_9216
650 1 4 _aNovela española
_ySiglo XVII
_9217
650 1 4 _aDon Quijote (Personaje ficticio)
_eNovela
_9218
740 0 _aEl Ingenioso Hidalgo Don Quijote de la Mancha
902 _aQFM
942 _2lcc
_cB
999 _c3135
_d3135